Statistiques concernant Equipe de France - Coupe du Monde 2018

Cliquez ici pour prendre le quiz!

Statistiques générales

  • Ce quiz a été pris 156 fois
  • Le résultat moyen est 21 sur 25

Statistiques - réponses

PosteClub du momentNom du joueur% Correct
G1TottenhamHugo LLORIS
99%
ATT10PSGKylian MBAPPE
97%
ATT7Atlético MadridAntoine GRIEZMANN
96%
D2StuttgartBenjamin PAVARD
95%
G16OMSteve MANDANDA
95%
Coach//FranceDidier DESCHAMPS
92%
ATT9ChelseaOlivier GIROUD
92%
D3PSGPresnel KIMPEMBE
92%
D4Réal MadridRaphaël VARANE
92%
G23PSGAlphonse AREOLA
91%
M6Man. UnitedPaul POGBA
91%
ATT11FC BarceloneOusmane DEMBELE
90%
M13ChelseaN'Golo KANTE
89%
D21Atlético MadridLucas HERNANDEZ
87%
D5FC BarceloneSamuel UMTITI
87%
D22Man. CityBenjamin MENDY
82%
D17OMAdil RAMI
81%
ATT18OLNabil FEKIR
77%
M14JuventusBlaise MATUIDI
75%
M12Bayern MunichCorentin TOLISSO
75%
ATT20OMFloriant THAUVIN
75%
M15SévilleSteven NZONZI
75%
ATT8AS MonacoThomas LEMAR
71%
D19AS MoncaoDjibril SIDIBE
70%
Adjoint//FranceGuy STEPHAN
62%

Distribution des résultats

Percentile par nombre de réponses

% des personnes avec chaque résultat

Votre développement - résultats

Vous n’avez pas pris ce quiz